00426nam a2200157Ia 4500001000500000005001700005008004100022041000800063082001700071100002500088245010200113260000900215300002800224650000800252654000800260324120260306144906.0260306t2013||||xx |||||||||||||| ||spa|| aESP a262.91bF81E aFrancisco, PapaeAUT 0aEvangelii gaudium:bsobre el anuncio del evangelio en el mundo actual, exhortación apostólica c2013 a223 páginas :c20 cm. aGEN aCHU